Les capitales du monde - Statistiques

Statistiques générales
  • Ce quiz a été pris 419 fois
  • Le résultat moyen est 8 sur 10
Statistiques - réponses
Question Réponse % Correct
France Paris
100%
Etats-Unis Washington D.C.
96%
Pologne Varsovie
92%
Australie Canberra
88%
Indonésie Jakarta
88%
Brésil Brasilia
87%
Inde New Delhi
83%
Canada Ottawa
82%
Suisse Berne
76%
Nigéria Abuja
41%
Aucun quiz correspondant
Distribution des résultats
% des personnes avec chaque résultat
Percentile par nombre de réponses
Votre historique - résultats
Vous n’avez pas pris ce quiz